|
|
|
|
| LEADER |
00764nam a2200217Ia 4500 |
| 001 |
CTU_128744 |
| 008 |
210402s9999 xx 000 0 und d |
| 020 |
|
|
|c 308000
|
| 082 |
|
|
|a 658.403
|
| 082 |
|
|
|b C483
|
| 100 |
|
|
|a Charney, Cy
|
| 245 |
|
4 |
|a The instant manager :
|
| 245 |
|
0 |
|b More than 100 quick tips techniques for great results
|
| 245 |
|
0 |
|c Cy Charney
|
| 260 |
|
|
|a New York, NY
|
| 260 |
|
|
|b AMACOM/American Management Association
|
| 260 |
|
|
|c 2004
|
| 650 |
|
|
|a Management,Leadership,Quản trị,Tập đoàn lãnh đqạo
|
| 650 |
|
|
|x Handbooks, manuals, etc.,Handbooks, manuals, etc.,Sổ tay, Chỉ dẫn, v... v...,Sổ tay, Chỉ dẫn, v... v...
|
| 904 |
|
|
|i Minh
|
| 980 |
|
|
|a Trung tâm Học liệu Trường Đại học Cần Thơ
|